LEADER 02230nam 2200409Ia 450 001 996387675903316 005 20200824132413.0 035 $a(CKB)4940000000083932 035 $a(EEBO)2264191029 035 $a(OCoLC)ocm22333763e 035 $a(OCoLC)22333763 035 $a(EXLCZ)994940000000083932 100 $a19900905d1548 uy | 101 0 $aeng 135 $aurbn||||a|bb| 200 12$aA faythful and moste godly treatyse concernynye [sic] the most sacred sacrament of the blessed body and bloude of our Sauiour Christ$b[electronic resource] /$fcompiled by John Caluine ... ; and translated into Lattin by Lacius ... ; and now last of all, translated into Englishe by a faythfull brother, no lesse desyrous to profite the weake brothers then to exercise the talent of the Lorde to hys honoure and glorye ; wher vnto is added the order that the church and congregatio[n] of Christe in Denmarke doth vse 210 $a[S.l. $cW. Hill$d1548?] 215 $a[87] p 300 $aMiles Coverdale's translation of the Latin translation by Nicolas Des Gallars, under the title "Libellus de coena Domini", 1545, of Calvin's "Petit traicte de la Sainct cene", 1541.--Cf. NUC pre-1956 imprints. 300 $aContains special t.p.: The order that the churche and congregation of Chryst in Denmarke and in many places, cou[n]tres and cities of Germany both vse, not onelye that the holye supper of the Lorde, but also at the ministration of the blessed sacramente of baptisme and holy wedlocke / set forth by Myles Couerdale. 300 $aImprint suggested by STC (2nd ed.). 300 $aSignatures: A-E? F?. 300 $aReproduction of original in the British Library. 330 $aeebo-0018 606 $aLord's Supper 606 $aReformed Church$zDenmark 615 0$aLord's Supper. 615 0$aReformed Church 700 $aCalvin$b Jean$f1509-1564.$0154241 701 2$aCoverdale$b Miles$f1488-1568.$0821808 801 0$bEBL 801 1$bEBL 801 2$bWaOLN 906 $aBOOK 912 $a996387675903316 996 $aA faythful and moste godly treatyse concernynye the most sacred sacrament of the blessed body and bloude of our Sauiour Christ$92400517 997 $aUNISA LEADER 01512nam0-2200457---450 001 9910595999903321 005 20250630152145.0 010 $a978-88-203-9717-3 035 $a001011208 035 $aFED01001011208 035 $a(Aleph)001011208FED01 100 $a20161017d2020----km-y0itay50------ba 101 0 $aita 102 $aIT 105 $aa-------001yy 200 1 $aManuale di impianti elettrici$eprogettazione, realizzazione e verifica delle installazioni elettriche in conformità con le Norme tecniche e di legge$fGaetano Conte 205 $a4. ed. 210 $aMilano$cEditore Ulrico Hoepli$d©2020 215 $axii, 636 p.$cill.$d24 cm 225 1 $aBiblioteca tecnica Hoepli btH 610 0 $aImpianti elettrici$aManuali 676 $a621.8 700 1$aConte,$bGaetano$0340533 801 0$aIT$bUNINA$gRICA$2UNIMARC 901 $aBK 912 $a9910595999903321 952 $a10 D II 793A$bCONTRI-REGIO71/2022$fDINEL 952 $a10 D II 793B$bCONTRI-REGIO72/2022$fDINEL 952 $a10 D II 793C$bDIETI21/2025$fDINEL 952 $a10 D II 793D$bDIETI22/2025$fDINEL 952 $a10 D II 793E$bDIETI23/2025$fDINEL 952 $a10 D II 793F$bDIETI24/2025$fDINEL 952 $a13 G 75 19$b4869/2024$fFINBC 952 $a13 G 75 20$b4870/2024$fFINBC 952 $a23 U A 18$b4871/2024$fFINAG 952 $a23 U A 19$b4872/2024$fFINAG 959 $aFINBC 959 $aFINAG 959 $aDINEL 996 $aManuale di impianti elettrici$942141 997 $aUNINA LEADER 01677nam0 22003251i 450 001 UON00494076 005 20231205105345.98 100 $a20190416g19221923 |0itac50 ba 101 $apor 102 $aPT 105 $a|||| 1|||| 200 1 $aComenta?rios do grande Afonso de Albuquerque$ecapita?o geral que foi das Indias orientais em tempo do muito poderoso Rey D. Manuel o primeiro deste nome$fprefaciada e revista por Anto?nio Baia?o 205 $a4a ed.$bconforme a segunda 210 $aCoimbra$cImprensa da Universidade$d1922-1923 215 $a4 pt. in 2 v.$d21 cm 410 1$1001UON00494077$12001 $aScriptores Rerum Lusitanarum. Se?rie B$1210 $aCoimbra$cImprensa da Universidade$v3 606 $aALBUQUERQUE AFONSO DE$3UONC040527$2FI 606 $aIndia$xStoria$x1500-1765$3UONC094892$2FI 606 $aPortogallo$xStoria$x1385-1580$3UONC084885$2FI 620 $aPT$dCoimbra$3UONL002407 676 $a946.9$cStoria generale d'Europa. Portogallo$v21 700 1$aALBUQUERQUE$bAfonso : de$3UONV027071$0562618 702 1$aBAIÃO$bAntónio$3UONV108413 712 $aImprensa da Universidade de Coimbra$3UONV268414$4650 801 $aIT$bSOL$c20260227$gRICA 912 $aUON00494076 950 $aSIBA - SISTEMA BIBLIOTECARIO DI ATENEO E ARCHIVIO STORICO$dSI Port STO 091 b $eSI SP 356/1 7 091 b 950 $aSIBA - SISTEMA BIBLIOTECARIO DI ATENEO E ARCHIVIO STORICO$dSI Port STO 091 a $eSI SP 356 7 091 a 996 $aComenta?rios do grande Afonso de Albuquerque$91549899 997 $aUNIOR